O anjo : romance.

Bibliographic Details
Main Author: Lima, Jorge de, 1893-1953
Format: Book
Language:Portuguese
Published: Rio de Janeiro : G. Costa, [1941?]
Edition:2. ed.

MARC

Tag First Indicator Second Indicator Subfields
LEADER 00000cam a2200000 4500
001 in00003491521
005 20151206122736.0
008 850515s1941 bl f 00001 por
010 |a  42021201  
035 |a (OCoLC)ocm12039703 
040 |a DLC  |c IQU  |d TNY  |d UtOrBLW 
090 |a PQ9697.L54  |b A8 
100 1 |a Lima, Jorge de,  |d 1893-1953. 
245 1 2 |a O anjo :  |b romance. 
250 |a 2. ed. 
264 1 |a Rio de Janeiro :  |b G. Costa,  |c [1941?] 
300 |a 132 pages, 9 unnumbered leaves of plates :  |b illustrations ;  |c 20 cm. 
336 |a text  |b txt  |2 rdacontent 
337 |a unmediated  |b n  |2 rdamedia 
338 |a volume  |b nc  |2 rdacarrier 
541 |a HILTON 
999 |a MARS 
999 f f |s 1a97264e-b9c7-3b7e-8703-bf81eec4fc00  |i 6f84689e-19f4-313c-b8b3-1557285ca1f9  |t 0 
952 f f |p ric  |a Texas A&M University  |b Rellis Campus  |c Joint Library Facility  |d Remote Storage  |t 0  |e PQ9697.L54 A8  |h Library of Congress classification  |i unmediated -- volume  |m 32060004001091 
998 f f |a PQ9697.L54 A8  |t 0  |l Remote Storage